000 00517nam a22001577a 4500
999 _c11946
_d11946
008 190112b ||||| |||| 00| 0 eng d
020 _a971-542-288-8
082 _22001
_aDFil 899.211
_bP53
245 _aPosong, Trickster of Sulu(Tale 4)/
_cDamiana Eugenio [Compiler and Editor]
260 _aQuezon City:
_bUP Press;
_cc2001.
300 _aPage 333-334
_c23 cm.
500 _aPhilippine folk literature
650 _aFolklore
_933959
650 _aPhilippine folk literature--Collections
_933960
942 _2ddc
_cDFIL